000
00196 a2200097 4500
001
11826
100
_a
Maillaud, P.
245
_a
France
260
_a
_b
Oxford University
_c
090
_c
9082
_d
9082
942
_a
NUST-CAE
_c
M
_c
35914
999
_c
246899
_d
246899